000 00697nam a2200241Ia 4500
003 GCL
008 140319s9999 xx 000 0 ara d
040 _aGCL /
_cGCL
082 0 4 _aط
_b372.216
_bل ت
100 1 _aلورديس لبكى
245 1 0 _aالتمارين المشوقة- الجزء الاول /
_cلورديس لبكى
260 _a[S.N] :
_bمكتبة لبنان ،
_c1989
300 _a48 ص
490 _a
650 0 4 _aالاطفال
650 0 4 _aرياض الاطفال
650 0 4 _aالكتابة
650 0 4 _aتعليم الاطفال
650 0 4 _aالقراءة
650 0 4 _aاساسيات التعليم
650 0 4 _aالابجدية
942 _2ddc
_cBK
999 _c33257
_d33257